<?xml version="1.0" encoding="UTF-8"?>
<record
    xmlns:xsi="http://www.w3.org/2001/XMLSchema-instance"
    xsi:schemaLocation="http://www.loc.gov/MARC21/slim http://www.loc.gov/standards/marcxml/schema/MARC21slim.xsd"
    xmlns="http://www.loc.gov/MARC21/slim">

  <leader>01338nam a2200241Ia 4500</leader>
  <controlfield tag="003">OSt</controlfield>
  <controlfield tag="005">20241001110916.0</controlfield>
  <controlfield tag="008">210210b2017   xxu||||| |||| 00| 0 eng d</controlfield>
  <datafield tag="020" ind1=" " ind2=" ">
    <subfield code="a">9788126436095</subfield>
  </datafield>
  <datafield tag="040" ind1=" " ind2=" ">
    <subfield code="c">AL</subfield>
  </datafield>
  <datafield tag="041" ind1=" " ind2=" ">
    <subfield code="a">Malayalam</subfield>
  </datafield>
  <datafield tag="082" ind1=" " ind2=" ">
    <subfield code="a">894.8123 PILC</subfield>
  </datafield>
  <datafield tag="100" ind1=" " ind2=" ">
    <subfield code="a">PILLAI (Thakazhi Sivasankara)</subfield>
    <subfield code="d">&#xD24;&#xD15;&#xD34;&#xD3F; &#xD36;&#xD3F;&#xD35;&#xD36;&#xD19;&#xD4D;&#xD15;&#xD30; &#xD2A;&#xD3F;&#xD33;&#xD4D;&#xD33;&#xD48; </subfield>
    <subfield code="9">181011</subfield>
  </datafield>
  <datafield tag="245" ind1=" " ind2=" ">
    <subfield code="a">Chemmeen</subfield>
    <subfield code="b">&#xD1A;&#xD46;&#xD2E;&#xD4D;&#xD2E;&#xD40;&#xD7B;</subfield>
  </datafield>
  <datafield tag="260" ind1=" " ind2=" ">
    <subfield code="a">Kottayam</subfield>
    <subfield code="b">D C Books</subfield>
    <subfield code="c">2017</subfield>
  </datafield>
  <datafield tag="300" ind1=" " ind2=" ">
    <subfield code="a">248</subfield>
  </datafield>
  <datafield tag="520" ind1=" " ind2=" ">
    <subfield code="a">The novel Chemmeen by Thakazhi Sivasankara Pillai is widely regarded as a landmark novel in the history of Indian literature. The novel was written by Thakazhi in less than three weeks. The novel fictionalised the myth among the fishermen communities along the coastal Kerala about chastity. The novel became a trend-setter not only in Kerala but in the whole of India. Literary critic Santha Rama Rau has noted that Chemmeen is the first real bestseller that has ever come out of India. The novel was translated to more than 30 languages which include major Indian languages and foreign languages. The novel was accepted as part of the UNESCO collection of Representative Works - Indian series.</subfield>
  </datafield>
  <datafield tag="650" ind1=" " ind2=" ">
    <subfield code="a">chemmin</subfield>
    <subfield code="9">181012</subfield>
  </datafield>
  <datafield tag="650" ind1=" " ind2=" ">
    <subfield code="a">Chemmeen</subfield>
    <subfield code="9">181013</subfield>
  </datafield>
  <datafield tag="690" ind1=" " ind2=" ">
    <subfield code="a">Malayalam</subfield>
    <subfield code="9">181014</subfield>
  </datafield>
  <datafield tag="906" ind1=" " ind2=" ">
    <subfield code="a">072403</subfield>
  </datafield>
  <datafield tag="942" ind1=" " ind2=" ">
    <subfield code="2">ddc</subfield>
    <subfield code="c">BK</subfield>
  </datafield>
  <datafield tag="999" ind1=" " ind2=" ">
    <subfield code="c">91594</subfield>
    <subfield code="d">91594</subfield>
  </datafield>
  <datafield tag="952" ind1=" " ind2=" ">
    <subfield code="0">0</subfield>
    <subfield code="1">0</subfield>
    <subfield code="4">0</subfield>
    <subfield code="7">0</subfield>
    <subfield code="8">Malyalam</subfield>
    <subfield code="a">AL</subfield>
    <subfield code="b">AL</subfield>
    <subfield code="c">Malayalam</subfield>
    <subfield code="d">2021-02-17</subfield>
    <subfield code="e">Biblios Book Point, Surathkal-575014</subfield>
    <subfield code="g">230.00</subfield>
    <subfield code="l">13</subfield>
    <subfield code="m">1</subfield>
    <subfield code="o">894.8123 PILC</subfield>
    <subfield code="p">072403</subfield>
    <subfield code="r">2025-12-20 09:42:10</subfield>
    <subfield code="s">2025-12-17</subfield>
    <subfield code="w">2021-02-17</subfield>
    <subfield code="y">BK</subfield>
  </datafield>
</record>
